Statistics for Progressively Harder Capital to Country Quiz - Europe

Click here to take the quiz!

General Stats

  • This quiz has been taken 40 times
  • The average score is 16 of 18

Answer Stats

HintAnswer% Correct
NetherlandsAmsterdam
100%
GermanyBerlin
100%
DenmarkCopenhagen
100%
IrelandDublin
100%
UkraineKyiv
100%
PortugalLisbon
100%
RussiaMoscow
100%
FranceParis
100%
FinlandHelsinki
97%
SwitzerlandBern
94%
RomaniaBucharest
89%
EstoniaTallinn
89%
SloveniaLjubljana
80%
LithuaniaVilnius
80%
SlovakiaBratislava
77%
MoldovaChișinău
71%
KosovoPristina
71%
MontenegroPodgorica
69%

Score Distribution

Percentile by Number Answered

Percent of People with Each Score

Your Score History

You have not taken this quiz